[Event "FIDE-Online-Steinitz-Memorial-Women"]
[White "Sebag, Marie"]
[Black "Lei, Tingjie"]
[Site "Internet"]
[Round "2"]
[Annotator "TA"]
[Result "0-1"]
[Date "2020.05.15"]
[WhiteElo "2482"]
[BlackElo "2530"]
[PlyCount "164"]

1. e4 {} e5 2. Nf3 Nc6 3. Bb5 Nf6 4. d3 Bc5 5. 0-0 Nd4 6. Nxd4 Bxd4 7. c3 {C65: Ruy Lopez: Berlin Defence (3...Nf6),
unusual lines and 4 0-0 Bc5.} Bb6 8. Nd2 {8.Ba4 gains popularity.} c6 9. Ba4 {
The position is equal.} d6 10. Nc4 Bc7 {Strongly threatening ...b5.} 11. Bc2 h6 12. h3 {[#]} b5 $146 ({Predecessor:} 12... Be6 13. Ne3 d5 14. Qf3 Qd7 15. Ba4 0-0-0 16. Rd1 Qe7 17. Nf5 Bxf5 18. Qxf5+ Kb8 {1-0 (53) Droin,A (2088)
-Emmenecker,P (1950) Hyeres 2019} )13. Ne3 Rb8 14. Qf3 0-0 15. Nf5 Bxf5 16. Qxf5 Qe7 17. Re1 Bb6 18. a4 a6 19. Qf3 Nh7 (19... b4 $11 )20. Bb3 Kh8 21. Be3 Bxe3 22. Qxe3 Ng5 23. axb5 axb5 24. Ra7 $36 { White is pushing.} Rb7 25. Rea1 Rfb8 26. Rxb7 Rxb7 27. Ra8+ (27. Ra6 $14 )Kh7 $11 28. h4 Ne6 29. Qh3 Qf6 (29... b4 $11 30. Bxe6 fxe6 )30. Bxe6 $16 fxe6 { Endgame
KQR-KQR} 31. Rc8 (31. h5 $14 )b4 $11 32. Qg3 bxc3 33. bxc3 c5 34. h5 Rb3 35. c4 Qg5 36. Qf3 Qf4 37. Qxf4 exf4 {KR-KR} 38. Re8 e5 39. Kh2 Rxd3 40. f3 Rd4 41. Re6 Kg8 42. Kh3 ({Better is} 42. Rg6 $11 )Kf7 $15 43. Rg6 Rd2 (43... Rxc4 $17 44. Rxd6 Rc2 )44. Kh2 Rd1 45. g3 (45. Kh3 $11 )Rd2+ (45... fxg3+ $1 $17 46. Kg2 Kg8 )46. Kh3 $11 fxg3 47. Kxg3 Rd1 {...Rg1+ is the strong
threat.} 48. Kf2 Rd4 49. Ke3 Rd1 50. Ke2 Rd4 (50... Rc1 {seems wilder.} 51. Rxd6 Rxc4 52. Rd7+ Kf6 53. Rc7 Rc2+ )51. Ke3 Rxc4 {White must now prevent ...
Rd4.} 52. Rxd6 Rc1 53. Rd7+ Kf6 54. Rd6+ Ke7 55. Rg6 Kf7 56. Rc6 Rh1 57. Rxc5 Rxh5 58. Rc7+ Kg8 59. Kf2 Rg5 60. Rc8+ Kh7 61. Rc5 Kg6 62. Rc6+ Kh7 63. Re6 h5 64. Rc6 h4 65. Rc1 Kh6 66. Rh1 $2 { This move loses the game for
White.} (66. Rc8 $11 {and White is okay.} )Kh5 $19 67. f4 $2 (67. Rh3 $19 )exf4 68. Kf3 Rg3+ 69. Kxf4 g5+ 70. Kf5 h3 71. e5 g4 (71... Rf3+ $142 72. Ke4 g4 73. e6 Rf2 74. Re1 h2 75. e7 {[#]} Re2+ $1 { Deflection,
Promotion} 76. Rxe2 h1=Q+ 77. Kd4 Qd1+ 78. Ke3 Qb3+ 79. Kd2 Qb2+ 80. Ke1 Qb1+ 81. Kf2 g3+ $1 { Decoy} 82. Kxg3 Qg6+ 83. Kf4 Qg4+ 84. Ke3 Qc8 85. Kf3 Qh3+ 86. Kf2 Qf5+ 87. Ke1 Qa5+ 88. Kf2 Qc5+ 89. Kf1 Qc1+ 90. Kf2 Qc5+ 91. Kf1 Qc1+ 92. Kf2 Qc5+ )72. e6 Re3 {Black mates.} 73. Kf6 Kh4 74. e7 g3 75. Kf7 g2 76. Rc1 h2 77. Rc4+ Kg3 78. Rc3 Rxc3 79. e8=Q Rf3+ 80. Kg6 g1=Q 81. Qe5+ Rf4 82. Kg5 Kf3+ {Accuracy: White = 75%, Black = 84%.} 0-1

[Event "FIDE-Online-Steinitz-Memorial-Women"]
[White "Lei, Tingjie"]
[Black "Tan, Zhongyi"]
[Site "Internet"]
[Round "3"]
[Annotator "TA"]
[Result "0-1"]
[Date "2020.05.15"]
[WhiteElo "2530"]
[BlackElo "2510"]
[PlyCount "98"]

1. e4 {} e5 2. Nf3 Nc6 3. Bc4 Nf6 4. d3 Bc5 5. c3 d6 6. 0-0 a6 7. Bb3 Ba7 8. Nbd2 {} 0-0 9. h3 h6 10. Re1 Kh8 {C54: Giuoco Piano: 4 c3 Nf6,
main lines with 5 d4 and 5 d3.} 11. Nf1 Ne7 {} 12. Ng3 Ng6 {White is slightly better.} 13. d4 Be6 14. Bc2 c6 15. Be3 {[#]} Qc7 $146 ({Predecessor:} 15... Ng8 16. Nf5 Bb8 17. Qd2 Bc7 18. Rad1 Qf6 19. Nh2 N6e7 20. g4 Rad8 21. f4 Bxf5 22. exf5 exf4 23. Bxf4 {1-0 (32) Saric,I (2576)
-Medancic,R (2238) Pula 2009} )16. Nf5 (16. a4 {is interesting.} Bb6 17. Qd2 Rg8 18. Rad1 Rad8 19. Rb1 )Bxf5 ({Better is} 16... exd4 $14 17. N3xd4 (17. N5xd4 Bd7 $14 )(17. Bxd4 Bxd4 18. Qxd4 Bxf5 $11 )(17. cxd4 Bxf5 18. exf5 Ne7 $11 )Bxf5 18. Nxf5 (18. exf5 Ne7 $11 )Bxe3 19. Rxe3 Rad8 )17. exf5 $16 Nf4 18. dxe5 dxe5 19. Bxa7 {[#] Black must now prevent Bc5.} Rxa7 20. Nxe5 {aiming for Qd4.} Raa8 21. Qf3 (21. c4 $18 )N4d5 22. Re2 Rad8 23. Rae1 b5 24. a3 Kg8 25. Bb3 Rfe8 26. c4 bxc4 27. Bxc4 ({Resist} 27. Nxc4 $6 Rxe2 28. Qxe2 (28. Rxe2 Nf4 $14 )Re8 $16 )a5 28. g3 Re7 29. Ng4 Rxe2 30. Rxe2 Qd6 31. Kg2 Qc5 32. Nxf6+ Nxf6 33. b3 a4 34. Qf4 (34. Qe3 $16 Qxe3 35. Rxe3 )axb3 (34... Nd5 $1 $11 35. Qf3 Qxa3 )35. Bxb3 Qxa3 36. Qc4 Rd7 37. Re3 {Strongly threatening Qxf7+!} Qd6 38. Re1 (38. Rc3 {seems wilder.} Rc7 39. Rd3 Qe7 40. Bd1 Qe5 41. Rd8+ )Qd5+ 39. Qxd5 cxd5 $11 {
Endgame KRB-KRN} 40. Rd1 Kf8 41. g4 Ke7 42. Kf3 Kd6 43. h4 {Threatening g5.} Rb7 44. Rd3 Rb5 45. g5 hxg5 46. hxg5 Ne4 ({Black should try} 46... Nd7 $15 47. Kg2 Ne5 )47. g6 $2 {[#]} (47. Bxd5 $11 Nxg5+ 48. Kg4 Rxd5 49. Rxd5+ Kxd5 50. Kxg5 )f6 $2 (47... fxg6 $1 $19 {Threatens to win with ...Rxb3!} 48. Ke3 gxf5 )48. Bc2 $2 {} (48. Ke3 $11 )Ke5 $2 (48... Rb2 $19 49. Rxd5+ { Remove Defender} Kxd5 50. Bxe4+ Ke5 )49. Ra3 Rc5 {
White used his chance. Accuracy: White = 69%, Black = 62%. . Loss on time!?} 0-1

[Event "FIDE-Online-Steinitz-Memorial-Women"]
[White "Khademalsharieh, Sarasadat"]
[Black "Lagno, Kateryna"]
[Site "Internet"]
[Round "3"]
[Annotator "TA"]
[Result "1/2-1/2"]
[Date "2020.05.15"]
[WhiteElo "2431"]
[BlackElo "2608"]
[PlyCount "132"]

1. d4 {} Nf6 2. c4 g6 3. g3 Bg7 4. Bg2 0-0 5. Nc3 Nc6 6. Nf3 d5 7. cxd5 Nxd5 8. 0-0 Nb6 9. e3 Re8 10. Re1 a5 {D76: Fianchetto Grünfeld: Main Line with 7...Nb6.} 11. Qe2 e5 12. dxe5 Nxe5 13. Nxe5 Bxe5 14. Rd1 Qe7 15. Bd2 {[#]} a4 $146 ({
Predecessor:} 15... c6 16. Be1 Be6 17. f4 Bg7 18. e4 a4 19. Bf2 Bc4 20. Qc2 Qb4 21. Rac1 Be6 {1/2-1/2 (40) Zakharchenko,A (2202)-Donegani,H (2111) Schwarzach
2011} )16. Rac1 c6 17. Be1 (17. f4 $5 {} Bd4 18. exd4 Qxe2 19. Nxe2 Rxe2 20. a3 $11 )Be6 18. f4 Bxc3 19. bxc3 (19. Bxc3 $11 Bd5 20. Re1 )Bd5 20. Bf2 (20. c4 $15 Bxg2 21. Qxg2 )Bxg2 $17 21. Kxg2 {and if
e4 works, White does fine.} Nd5 22. Rd3 Qe4+ 23. Kg1 Qc4 (23... Rad8 $142 {
Threatens to win with ...Nxf4.} 24. Rd2 Nf6 )24. Qd2 {With the idea Rd4.} Nf6 25. Rd4 Qe6 26. Qb2 (26. c4 $17 {might work better.} )Ne4 27. a3 (27. c4 $17 {keeps fighting.} )b5 $19 28. Re1 (28. Be1 {was necessary.} )h5 29. Qc2 Rad8 30. Red1 (30. Qd3 $142 Rb8 31. Kg2 )Rxd4 31. exd4 h4 32. Re1 $2 (32. d5 cxd5 33. Re1 )h3 33. Re3 Qd5 34. Be1 (34. Qe2 $142 Re7 35. Qf3 )f5 (34... Kg7 $142 35. g4 Nd2 $1 {} 36. Re4 Rxe4 37. Qd3 Rxf4 38. Qxh3 Nf3+ 39. Qxf3 Qxf3 40. h4 Rxg4+ 41. Bg3 Rxg3+ 42. Kh2 Qg2# )35. Qe2 Kf7 {White must now prevent ...Nxg3!} 36. g4 {[#]} (36. Qf1 $142 )fxg4 $2 (36... Ng3 $1 { ( -> ...Qh1+)} 37. Qf3 (37. Bxg3 Rxe3 )Rxe3 38. Qxd5+ cxd5 39. Bxg3 fxg4 )37. Qxg4 {[#]} Rh8 $40 { Black has some
attack.} ({Black should try} 37... Nf6 $1 $17 {} 38. Qxh3 Rxe3 39. Qxe3 Qa2 )38. Rxh3 (38. Qe2 $1 $15 Re8 39. Qf1 )Nf6 39. Qg3 (39. Qf3 $142 Rxh3 40. Qxh3 )Re8 40. Bf2 {[#]} Re2 $1 41. Qf3 Qe6 $2 (41... Ra2 $19 {
is more deadly.} 42. Qe3 Ra1+ 43. Be1 Rxa3 )42. Bh4 (42. d5 $17 {is a better
defense.} cxd5 43. Rh8 )Ra2 43. Bxf6 $2 (43. f5 {was the only chance.} Qxf5 44. Bxf6 Qb1+ 45. Qf1 Qxf1+ 46. Kxf1 Kxf6 47. c4 )Kxf6 {
Endgame KQR-KQR} 44. Rg3 Qe1+ 45. Qf1 Qd2 {} 46. Rg2 Qe3+ 47. Kh1 Rxg2 48. Qxg2 {KQ-KQ} (48. Kxg2 $142 Qxc3 49. Qe2 Qxd4 50. Qc2 )Qc1+ 49. Qg1 Qxc3 {Strongly threatening ...Qf3+.} 50. Qg5+ Kf7 51. Qe5 (51. f5 $142 Qf3+ 52. Kg1 gxf5 53. Qc1 )Qxa3 52. Qc7+ Qe7 53. Qxc6 a3 54. Qd5+ Qe6 55. Qb7+ Kf6 56. d5 Qe4+ 57. Kg1 Qb1+ $2 (57... b4 58. Qa6+ Kf5 )58. Kf2 Qb2+ 59. Kg3 Qb3+ 60. Kh4 $2 (60. Kg2 )a2 61. Qc6+ Kg7 $2 ({Black should
play} 61... Kf5 $19 62. Qe6+ Kxf4 63. Qd6+ Kf5 64. Qe6+ Kf4 65. Qd6+ Ke4 66. Qxg6+ Kd4 )62. Qd7+ $2 {} (62. Qc7+ $11 Kh8 63. Qe5+ Kg8 64. Qe6+ Kh7 65. Qf7+ Kh6 {[#]} 66. Qf6 $1 {} )Kf8 $2 (62... Kh6 {mates} 63. Qe7 a1=Q 64. Qg5+ Kh7 65. Qe7+ Qg7 66. d6 Qf3 67. Qxg7+ Kxg7 68. d7 Qxf4+ {
 Double Attack} 69. Kh3 Qf5+ 70. Kh4 Qxd7 71. Kg3 b4 72. h4 b3 73. Kg2 b2 74. h5 b1=Q 75. h6+ Kxh6 76. Kf2 Qa2+ 77. Ke3 Qg2 78. Kf4 Qd4# )63. Qd8+ {
The position is equal.} Kf7 64. Qd7+ Kf8 65. Qd8+ Kf7 66. Qd7+ Kf8 {Accuracy:
White = 34%, Black = 67%.} 1/2-1/2

[Event "FIDE-Online-Steinitz-Memorial-Women"]
[White "Abdumalik, Zhansaya"]
[Black "Sebag, Marie"]
[Site "Internet"]
[Round "3"]
[Annotator "ChessBase"]
[Result "0-1"]
[Date "2020.05.15"]
[WhiteElo "2409"]
[BlackElo "2482"]
[PlyCount "124"]
[TimeControl "180+2"]

1. e4 c5 2. Nf3 {[%emt 0:0:4]} d6 {[%emt 0:0:4]} 3. d4 {[%emt 0:0:1]} cxd4 {[%emt 0:0:1]} 4. Nxd4 {[%emt 0:0:0]} Nf6 {[%emt 0:0:1]} 5. Nc3 {[%emt 0:0:1]
} a6 {[%emt 0:0:1]} 6. h3 {[%emt 0:0:1]} e5 {[%emt 0:0:1]} 7. Nde2 {[%emt 0:0:1]} h5 {[%emt 0:0:1]} 8. g3 {[%emt 0:0:1]} Be7 {[%emt 0:0:1]
} 9. Bg2 {[%emt 0:0:2]} Nbd7 {[%emt 0:0:4]} 10. a4 {[%emt 0:0:0]} b6 {[%emt 0:0:1]} 11. 0-0 {[%emt 0:0:9]} Bb7 {[%emt 0:0:2]} 12. Bg5 {[%emt 0:0:10]} Rc8 {[%emt 0:0:2]} 13. Qd2 {[%emt 0:0:8]} 0-0 {[%emt 0:0:16]
} 14. Rad1 {[%emt 0:0:5]} Qc7 {[%emt 0:0:1]} 15. Kh2 {[%emt 0:0:11]
} Rfe8 {[%emt 0:0:22]} 16. f4 {[%emt 0:0:12]} b5 {[%emt 0:0:0]} 17. axb5 {[%emt 0:0:23]} axb5 {[%emt 0:0:1]} 18. Nxb5 {[%emt 0:0:14]} Qxc2 {[%emt 0:0:4]} 19. Nbc3 {[%emt 0:0:4]} Qxd2 {[%emt 0:0:23]} 20. Rxd2 {[%emt 0:0:2]} Rc4 {[%emt 0:0:2]} 21. fxe5 {[%emt 0:0:27]} dxe5 {[%emt 0:0:0]} 22. Rf5 {[%emt 0:0:26]} g6 {[%emt 0:0:35]} 23. Bxf6 {[%emt 0:0:12]} Nxf6 {[%emt 0:0:24]} 24. Rxe5 {[%emt 0:0:1]} Kf8 {[%emt 0:0:1]} 25. Nf4 {[%emt 0:0:5]
} Rb4 {[%emt 0:0:3]} 26. Nfd5 {[%emt 0:0:19]} Nxd5 {[%emt 0:0:0]} 27. exd5 {[%emt 0:0:2]} Bd6 {[%emt 0:0:2]} 28. Rxe8+ {[%emt 0:0:0]} Kxe8 {[%emt 0:0:1]} 29. Ne4 {[%emt 0:0:0]} Be5 {[%emt 0:0:2]} 30. h4 {[%emt 0:0:7]} Kd8 {[%emt 0:0:3]} 31. Nc5 {[%emt 0:0:2]} Bc8 {[%emt 0:0:0]} 32. b3 {[%emt 0:0:4]} Bd6 {[%emt 0:0:2]} 33. Ne4 {[%emt 0:0:3]} Be5 {[%emt 0:0:1]} 34. Rf2 {[%emt 0:0:5]} Bf5 {[%emt 0:0:1]} 35. Re2 {[%emt 0:0:5]
} Rd4 {[%emt 0:0:3]} 36. Ng5 {[%emt 0:0:4]} Rxh4+ {[%emt 0:0:0]} 37. Kg1 {[%emt 0:0:1]} Bxg3 {[%emt 0:0:2]} 38. Nxf7+ {[%emt 0:0:0]} Kd7 {[%emt 0:0:1]} 39. Ne5+ {[%emt 0:0:2]} Bxe5 {[%emt 0:0:2]} 40. Rxe5 {[%emt 0:0:2]} Kd6 {[%emt 0:0:1]} 41. Re3 {[%emt 0:0:2]} Rg4 {[%emt 0:0:1]
} 42. Kf2 {[%emt 0:0:1]} Rd4 {[%emt 0:0:1]} 43. Rc3 {[%emt 0:0:0]} Rd2+ {[%emt 0:0:2]} 44. Kg1 {[%emt 0:0:4]} h4 {[%emt 0:0:1]} 45. b4 {[%emt 0:0:3]} Rb2 {[%emt 0:0:2]} 46. Rc4 {[%emt 0:0:6]} g5 {[%emt 0:0:0]} 47. Rc6+ {[%emt 0:0:1]} Ke5 {[%emt 0:0:1]} 48. d6 {[%emt 0:0:1]} Rxb4 {[%emt 0:0:2]} 49. Rc5+ {[%emt 0:0:1]} Kf6 {[%emt 0:0:2]} 50. Rc7 {[%emt 0:0:2]
} Rd4 {[%emt 0:0:1]} 51. Rc6 {[%emt 0:0:0]} Ke5 {[%emt 0:0:0]} 52. Rc5+ {[%emt 0:0:2]} Kf4 {[%emt 0:0:2]} 53. Rd5 {[%emt 0:0:3]} Rxd5 {[%emt 0:0:1]} 54. Bxd5 {[%emt 0:0:0]} Ke5 {[%emt 0:0:2]} 55. Bf3 {[%emt 0:0:5]
} Kxd6 {[%emt 0:0:1]} 56. Kg2 {[%emt 0:0:0]} Ke5 {[%emt 0:0:0]} 57. Kh2 {[%emt 0:0:2]} Kf4 {[%emt 0:0:1]} 58. Bc6 {[%emt 0:0:2]} g4 {[%emt 0:0:2]} 59. Bg2 {[%emt 0:0:2]} g3+ {[%emt 0:0:2]} 60. Kg1 {[%emt 0:0:1]
} h3 {[%emt 0:0:1]} 61. Bf1 {[%emt 0:0:3]} Bg4 {[%emt 0:0:0]} 62. Kh1 {[%emt 0:0:2]} Bf3+ {[%emt 0:0:2]} 0-1

[Event "FIDE-Online-Steinitz-Memorial-Women"]
[White "Paehtz, Elisabeth"]
[Black "Stefanova, Antoaneta"]
[Site "Internet"]
[Round "3"]
[Annotator "TA"]
[Result "0-1"]
[Date "2020.05.15"]
[WhiteElo "2396"]
[BlackElo "2485"]
[PlyCount "72"]

1. d4 {} d5 2. Bf4 Nf6 3. e3 e6 4. Nf3 Bd6 5. Nbd2 Bxf4 6. exf4 b6 {D02: 1 d4 d5 2 Nf3 sidelines, including 2...Nf6 3 g3 and
2...Nf6 3 Bf4.} (6... 0-0 7. Bd3 b6 8. Qe2 a5 9. 0-0 Ba6 10. Bxa6 Nxa6 11. c3 c5 12. Ne5 Qd6 13. a3 Nc7 14. Rfe1 b5 {1-0 (33) Paehtz,E (2420)-Stefanova,A 
(2455) Hengshui 2019} )7. c3 0-0 8. g3 {[#]} c5 $146 {The position is equal.} ({Predecessor:} 8... Ba6 9. Be2 Qc8 10. Ne5 Bxe2 11. Qxe2 Qa6 12. Qxa6 Nxa6 13. Ndf3 c5 14. 0-0 Rfc8 {1-0 (31) Fox,C-Graham,G Dublin 1992} )9. Bd3 Ba6 10. Bxa6 Nxa6 11. Qe2 Nc7 {} 12. 0-0 Nce8 13. Ne5 Nd6 14. Nb3 Qc7 15. Rae1 a5 {} 16. a3 a4 17. Nd2 cxd4 18. cxd4 Rfc8 19. Nd3 Nfe4 20. Rc1 Qb7 21. Nb4 Nxd2 22. Qxd2 Rc4 23. Rxc4 Nxc4 24. Qe2 Rc8 25. Re1 Nd6 26. Qd3 g6 27. Kg2 b5 28. h4 h5 29. Re2 Rc4 30. Rxe6 (30. Nc2 $17 )fxe6 $19 31. Qxg6+ Kf8 {And now ...Qf7 would win.} 32. Qxe6 $2 (32. Qh6+ {is the only way for White.} Qg7 33. Qxe6 )Nf7 33. Qf6 (33. Nd3 $142 Qe7 34. Qxd5 )Qe7 34. Qb6 Qe4+ { [#] Double Attack.
Black mates.} 35. Kh2 Rc1 {} 36. Qb8+ Kg7 {Accuracy:
White = 60%, Black = 88%.} 0-1

[Event "FIDE-Online-Steinitz-Memorial-Women"]
[White "Cori T., Deysi"]
[Black "Kosteniuk, Alexandra"]
[Site "Internet"]
[Round "3"]
[Annotator "ChessBase"]
[Result "0-1"]
[Date "2020.05.15"]
[WhiteElo "2391"]
[BlackElo "2521"]
[PlyCount "120"]
[TimeControl "180+2"]

1. d4 Nf6 2. c4 {[%emt 0:0:5]} e6 {[%emt 0:0:4]} 3. Nf3 {[%emt 0:0:2]} b6 {[%emt 0:0:1]} 4. g3 {[%emt 0:0:2]} Bb7 {[%emt 0:0:1]} 5. Bg2 {[%emt 0:0:0]} Be7 {[%emt 0:0:1]} 6. 0-0 {[%emt 0:0:1]} 0-0 {[%emt 0:0:1]} 7. Nc3 {[%emt 0:0:4]} Ne4 {[%emt 0:0:1]} 8. Qc2 {[%emt 0:0:2]} Nxc3 {[%emt 0:0:30]
} 9. Qxc3 {[%emt 0:0:4]} c5 {[%emt 0:0:5]} 10. dxc5 {[%emt 0:0:0]} bxc5 {[%emt 0:0:6]} 11. Rd1 {[%emt 0:0:1]} Qb6 {[%emt 0:0:20]} 12. Bg5 {[%emt 0:0:31]} f6 {[%emt 0:0:8]} 13. Bf4 {[%emt 0:0:9]} d5 {[%emt 0:0:0]} 14. cxd5 {[%emt 0:0:3]} exd5 {[%emt 0:0:3]} 15. Nh4 {[%emt 0:0:9]
} Rd8 {[%emt 0:0:10]} 16. Nf5 {[%emt 0:0:5]} Bf8 {[%emt 0:0:1]} 17. Rac1 {[%emt 0:0:24]
} Na6 {[%emt 0:0:14]} 18. h4 {[%emt 0:0:32]} Nb4 {[%emt 0:0:0]} 19. Ra1 {[%emt 0:0:21]} Qe6 {[%emt 0:0:16]} 20. Ne3 {[%emt 0:0:29]} d4 {[%emt 0:0:10]} 21. Qc4 {[%emt 0:0:1]} Qxc4 {[%emt 0:0:4]} 22. Nxc4 {[%emt 0:0:1]
} Bxg2 {[%emt 0:0:0]} 23. Kxg2 {[%emt 0:0:1]} Nd5 {[%emt 0:0:0]} 24. Bd2 {[%emt 0:0:2]} Rab8 {[%emt 0:0:2]} 25. Rac1 {[%emt 0:0:4]
} Re8 {[%emt 0:0:4]} 26. Kf1 {[%emt 0:0:3]} Re6 {[%emt 0:0:6]} 27. b3 {[%emt 0:0:7]
} Rbe8 {[%emt 0:0:3]} 28. Re1 {[%emt 0:0:1]} Ra6 {[%emt 0:0:0]} 29. a4 {[%emt 0:0:7]} Rb8 {[%emt 0:0:3]} 30. Rb1 {[%emt 0:0:2]} g6 {[%emt 0:0:7]
} 31. e4 {[%emt 0:0:1]} dxe3 {[%emt 0:0:5]} 32. Bxe3 {[%emt 0:0:2]
} Re6 {[%emt 0:0:12]} 33. Bd2 {[%emt 0:0:4]} Rxe1+ {[%emt 0:0:0]} 34. Bxe1 {[%emt 0:0:3]} Kf7 {[%emt 0:0:2]} 35. Rd1 {[%emt 0:0:2]} Ke6 {[%emt 0:0:1]} 36. Rd3 {[%emt 0:0:2]} f5 {[%emt 0:0:3]} 37. f3 {[%emt 0:0:1]
} Nb6 {[%emt 0:0:13]} 38. Na5 {[%emt 0:0:2]} Rc8 {[%emt 0:0:0]} 39. Bf2 {[%emt 0:0:2]} c4 {[%emt 0:0:1]} 40. bxc4 {[%emt 0:0:2]} Nxc4 {[%emt 0:0:2]} 41. Nxc4 {[%emt 0:0:3]} Rxc4 {[%emt 0:0:1]} 42. Bxa7 {[%emt 0:0:1]} Rxa4 {[%emt 0:0:1]} 43. Be3 {[%emt 0:0:2]} Ra2 {[%emt 0:0:0]} 44. Rb3 {[%emt 0:0:2]} Bd6 {[%emt 0:0:4]} 45. Bf2 {[%emt 0:0:1]} h6 {[%emt 0:0:3]} 46. Rb6 {[%emt 0:0:2]} Kd5 {[%emt 0:0:1]} 47. Rb5+ {[%emt 0:0:4]
} Ke6 {[%emt 0:0:1]} 48. Rb6 {[%emt 0:0:2]} Kd5 {[%emt 0:0:0]} 49. Rb5+ {[%emt 0:0:0]} Kc4 {[%emt 0:0:1]} 50. Rb6 {[%emt 0:0:2]} Rxf2+ {[%emt 0:0:1]} 51. Kxf2 {[%emt 0:0:3]} Bc5+ {[%emt 0:0:1]} 52. Ke2 {[%emt 0:0:2]} Bxb6 {[%emt 0:0:0]} 53. g4 {[%emt 0:0:0]} Kd5 {[%emt 0:0:0]} 54. h5 {[%emt 0:0:2]} g5 {[%emt 0:0:1]} 55. gxf5 {[%emt 0:0:1]} Ke5 {[%emt 0:0:0]} 56. Kf1 {[%emt 0:0:1]} Kxf5 {[%emt 0:0:1]} 57. Kg2 {[%emt 0:0:1]
} Kf4 {[%emt 0:0:1]} 58. Kh2 {[%emt 0:0:2]} Kxf3 {[%emt 0:0:0]} 59. Kh3 {[%emt 0:0:0]} g4+ {[%emt 0:0:2]} 60. Kh4 {[%emt 0:0:2]} Bd8# {[%emt 0:0:4]} 0-1

[Event "FIDE-Online-Steinitz-Memorial-Women"]
[White "Lagno, Kateryna"]
[Black "Lei, Tingjie"]
[Site "Internet"]
[Round "4"]
[Annotator "TA"]
[Result "1/2-1/2"]
[Date "2020.05.15"]
[WhiteElo "2608"]
[BlackElo "2530"]
[PlyCount "134"]

1. e4 {} e5 2. Nf3 Nc6 3. Bb5 Nf6 4. 0-0 Nxe4 5. Re1 Nd6 6. Nxe5 Be7 7. Bf1 Nxe5 8. Rxe5 0-0 9. d4 Bf6 10. Re1 Nf5 11. c3 d5 {C67: Ruy Lopez:
Berlin Defence: 4 0-0 Nxe4.} 12. Bf4 c6 13. Nd2 { [#]} Bd7 $146 ({Predecessor:} 13... Nh4 14. Be5 Bf5 15. g3 Ng6 16. Bxf6 Qxf6 17. Qh5 Rae8 18. h4 Re6 19. Qg5 Qxg5 20. hxg5 {1/2-1/2 (66) Kovalev,V 
(2662)-Jakovenko,D (2698) Moscow 2019} )14. Nf3 Re8 15. Ne5 Be6 16. Bd3 Bg5 17. Qd2 Bxf4 18. Qxf4 Nd6 19. Re3 f6 20. Nf3 Qd7 21. Rae1 Bf7 22. h4 Rxe3 23. Rxe3 Re8 24. Nd2 Rxe3 25. fxe3 Qe7 26. a3 Bg6 27. Bxg6 hxg6 28. Qg4 $2 {} (28. Kf2 $11 {and White stays safe.} )Qxe3+ $19 { [#] Double
Attack} 29. Kh2 Qxd2 30. Qe6+ Nf7 (30... Kh7 $142 31. Qxd6 Qxb2 )31. Qe8+ Kh7 32. Qxf7 Qxb2 { Endgame KQ-KQ} 33. h5 Qb1 $2 ({Worse is} 33... Qxc3 34. Qxg6+ Kh8 35. Qe8+ Kh7 36. Qg6+ Kh8 37. Qe8+ Kh7 38. Qg6+ $11 )(33... Qxa3 $19 34. Qxg6+ Kg8 )34. hxg6+ $11 Kh6 35. a4 a5 ({But not} 35... Qxg6 36. Qxb7 Qh5+ 37. Kg3 $11 )36. Qc7 Kxg6 (36... Qf5 $17 37. Qxa5 Qf4+ 38. Kg1 Qe3+ 39. Kh2 Kxg6 )37. Qxa5 (37. Qg3+ $1 $11 {remains equal.} Kh7 38. Qh3+ Kg6 39. Qg4+ Kh6 40. Qh3+ Kg5 41. Qg3+ Kf5 42. Qh3+ Kg6 43. Qg4+ Kh7 44. Qh3+ Kg8 45. Qe6+ Kf8 46. Qd6+ Ke8 47. Qe6+ Kf8 48. Qd6+ Kg8 49. Qe6+ Kh8 50. Qe8+ Kh7 51. Qh5+ Kg8 52. Qe8+ Kh7 53. Qh5+ Kg8 54. Qe8+ Kh7 )b6 (37... Qb2 $17 )38. Qa8 c5 39. Qxd5 cxd4 40. cxd4 Qc1 41. Qe4+ Kf7 42. d5 Qc7+ 43. Kh1 Qd6 44. Qc4 g6 45. Qb5 f5 46. Qa6 Kf6 47. a5 Qxd5 48. Qxb6+ Kg7 49. Qc7+ Kf6 50. Qc3+ Kf7 51. Qa1 Qb7 52. a6 Qa7 53. Qa5 Qb8 $2 {} (53... Kf6 $11 )54. Qd5+ $18 Kf6 55. Qb7 $2 (55. Qd4+ $18 Kf7 56. a7 )Qf4 56. Qb6+ Kg7 57. Qb2+ Kh7 58. Qa1 Qh4+ 59. Kg1 Qe4 60. Qc3 {[#] a7 is the strong threat.} Qa4 61. Qc7+ Kh6 62. a7 {Strongly threatening Qe7.} Qd4+ {The position is equal.} 63. Kh2 {
And now Qc1+ would win.} Qh4+ 64. Kg1 Qe1+ 65. Kh2 Qh4+ 66. Kg1 Qe1+ 67. Kh2 Qh4+ {Quite a comeback for White. Accuracy: White = 91%, Black = 83%.} 1/2-1/2

[Event "FIDE-Online-Steinitz-Memorial-Women"]
[White "Kosteniuk, Alexandra"]
[Black "Paehtz, Elisabeth"]
[Site "Internet"]
[Round "4"]
[Annotator "ChessBase"]
[Result "1-0"]
[Date "2020.05.15"]
[WhiteElo "2521"]
[BlackElo "2396"]
[PlyCount "89"]
[TimeControl "180+2"]

1. e4 c5 2. c3 {[%emt 0:0:4]} d5 {[%emt 0:0:5]} 3. exd5 {[%emt 0:0:1]} Qxd5 {[%emt 0:0:1]} 4. d4 {[%emt 0:0:0]} g6 {[%emt 0:0:1]} 5. Nf3 {[%emt 0:0:3]
} Bg7 {[%emt 0:0:2]} 6. Be2 {[%emt 0:0:9]} cxd4 {[%emt 0:0:0]} 7. cxd4 {[%emt 0:0:3]} Nf6 {[%emt 0:0:3]} 8. Nc3 {[%emt 0:0:2]} Qd8 {[%emt 0:0:6]} 9. 0-0 {[%emt 0:0:9]} 0-0 {[%emt 0:0:2]} 10. h3 {[%emt 0:0:0]} Nbd7 {[%emt 0:0:2]} 11. Ne5 {[%emt 0:0:15]} Nb6 {[%emt 0:0:5]} 12. Bf3 {[%emt 0:0:3]} Nfd5 {[%emt 0:0:15]} 13. a4 {[%emt 0:0:1]} Nc7 {[%emt 0:0:12]
} 14. a5 {[%emt 0:0:6]} Nbd5 {[%emt 0:0:1]} 15. a6 {[%emt 0:0:0]} e6 {[%emt 0:0:35]} 16. axb7 {[%emt 0:0:29]} Bxb7 {[%emt 0:0:2]} 17. Ne4 {[%emt 0:0:1]} Qe7 {[%emt 0:0:10]} 18. Re1 {[%emt 0:0:7]} f6 {[%emt 0:0:0]} 19. Nd3 {[%emt 0:0:11]} Bc6 {[%emt 0:0:15]} 20. Nec5 {[%emt 0:0:3]} Qf7 {[%emt 0:0:5]} 21. Nf4 {[%emt 0:0:9]} Rfe8 {[%emt 0:0:5]} 22. Bg4 {[%emt 0:0:23]
} Nxf4 {[%emt 0:0:11]} 23. Bxf4 {[%emt 0:0:2]} f5 {[%emt 0:0:0]} 24. Bf3 {[%emt 0:0:35]} Bxf3 {[%emt 0:0:2]} 25. Qxf3 {[%emt 0:0:1]} Bxd4 {[%emt 0:0:8]} 26. Nb7 {[%emt 0:0:1]} Qg7 {[%emt 0:0:13]} 27. Qc6 {[%emt 0:0:21]
} e5 {[%emt 0:0:5]} 28. Nd6 {[%emt 0:0:4]} Rf8 {[%emt 0:0:0]} 29. Qc4+ {[%emt 0:0:2]} Kh8 {[%emt 0:0:1]} 30. Bh6 {[%emt 0:0:5]} Qxh6 {[%emt 0:0:4]} 31. Nf7+ {[%emt 0:0:1]} Rxf7 {[%emt 0:0:2]} 32. Qxf7 {[%emt 0:0:0]} Qg7 {[%emt 0:0:4]} 33. Qb3 {[%emt 0:0:1]} Rf8 {[%emt 0:0:0]} 34. Rac1 {[%emt 0:0:2]} Qf7 {[%emt 0:0:5]} 35. Qb7 {[%emt 0:0:3]} Ne6 {[%emt 0:0:3]} 36. Qb5 {[%emt 0:0:4]} Nf4 {[%emt 0:0:1]} 37. Rxe5 {[%emt 0:0:1]
} Qg7 {[%emt 0:0:7]} 38. Re8 {[%emt 0:0:4]} h5 {[%emt 0:0:0]} 39. Rcc8 {[%emt 0:0:4]} Rxe8 {[%emt 0:0:1]} 40. Rxe8+ {[%emt 0:0:2]} Kh7 {[%emt 0:0:1]} 41. Qb4 {[%emt 0:0:3]} Nd5 {[%emt 0:0:5]} 42. Qd6 {[%emt 0:0:2]
} Qb7 {[%emt 0:0:3]} 43. Rd8 {[%emt 0:0:2]} Nf6 {[%emt 0:0:0]} 44. Qxd4 {[%emt 0:0:2]} Kh6 {[%emt 0:0:2]} 45. Qxf6 {[%emt 0:0:2]} 1-0